000 04807nab a2200385 i 4500
003 BR-BrBNA
005 20241218154610.0
008 241218b2015 bl.|r|pooa||| 00| 0 por |
040 _aBR-BrBNA
_bpor
072 _aL02
_b5250
072 _aQ04
100 _aSelegato, A.L.M.
100 _aGentil, R.S.
100 _aNolli, C.P.
100 _aFerreira, E.M.
100 _aPires, A.V.
100 _aAlmeida, O.C.
100 _aParente, M.O.M.
100 _aPolizel, D.M.
100 _aSusin, I.
245 _aAssociação entre o óleo de soja e o óleo de peixe na dieta de cabras em lactação como estratégia para melhorar o perfil de ácidos graxos do leite
500 _aPublicação online; 31 ref.; 5 tables; Summaries (En, Pt)
520 _a RESUMO - Os objetivos neste experimento foram avaliar os efeitos da associação entre o óleo de soja e o óleo de peixe na dieta de cabras em lactação sobre o consumo de matéria seca e de nutrientes, a variação do peso corporal, a produção e composição do leite, assim como o perfil de ácidos graxos. As cabras foram alocadas em baias individuais, onde receberam dieta composta por 50% de feno de “coastcross” e 50% de concentrado. Foram utilizadas nove cabras mestiças Boer x Saanen multíparas, distribuídas em três quadrados latinos 3 X 3. O experimento teve duração de 51 dias, divididos em três períodos de 17 dias, sendo os 13 primeiros dias para adaptação dos animais às dietas e os 4 dias subsequentes para colheita de amostras e de dados. Os tratamentos experimentais foram: a) dieta controle (CT), sem adição de óleo; b) dieta contendo 3% de óleo de soja (OS); e c) dieta contendo 2,5% de óleo de soja + 0,5% de óleo de peixe (OS+P). A inclusão dos óleos reduziu (P<0,05) o consumo de matéria seca, no entanto aumentou (P<0,05) a eficiência alimentar dos animais, sem afetar (P>0,05) a produção de leite. Houve efeito (P<0,05) da dieta no perfil de ácidos graxos do leite, sendo que ambos os tratamentos com adição de óleo elevaram as concentrações de ácidos graxos de cadeia média e longa, reduzindo os de cadeia curta. O tratamento com a combinação do óleo de soja com o óleo de peixe foi o que promoveu os maiores aumentos na concentração de ácido vacênico (398%), rumênico (352%) e de CLA total (341%) no leite. Os resultados permitem concluir que a suplementação lipídica elevou a eficiência alimentar dos animais e que o fornecimento de óleo de soja em combinação ao óleo de peixe aumentou a concentração no leite dos ácidos graxos benéficos à saúde humana. Palavras-chave: CLA, composição do leite, desempenho
520 _a ABSTRACT - The aims in this experiment were to determine the effects of the association between soybean and fish oils on dry matter intake (DMI) and nutrient intake, body weight change, milk production and composition and milk fatty acid profile of dairy goats. The animals were housed in tie stalls and fed a 50% of coastcross hay and 50% concentrate diet. Nine multiparous crossbred Boer x Saanen goats were assigned in tree 3 X 3 Latin Squares. The experimental period lasted 51 days; divided into three periods of 17 days, being the first nine days used to adapt goats to diets and the 4 other days for data collection. Experimental diets were: a) control diet (CT) without oil; b) control diet supplemented with 3% of soybean oil (SO); and c) control diet supplemented with 2.5% of soybean oil plus 0.5% of fish oil (SO+F). DMI was negatively influenced by oil addition. However, feed efficiency was higher in diets with oils, maintaining similar milk production (P>0.05 for all comparisons). The supply of oils changed milk fatty acids profile (P<0.05), increasing the concentrations of medium and long-chain fatty acids and reducing short-chain. Milk from goats fed the SO+F diet had higher concentration of vaccenic (398%), rumenic acid (352%) and total CLA (341%). The results indicate that the oil supply increased the feed efficiency of goats, and that the combination of soybean and fish oils caused a higher elevation of fatty acids considered to have health benefits. Keywords: CLA, milk composition, performance
650 _aCABRA
650 _aDIETA
650 _aEFICIÊNCIA NUTRICIONAL
650 _aLEITE
650 _aCOMPOSIÇÃO QUÍMICA
650 _aÁCIDO GRAXO
773 0 _01643
_9315896
_dBelo Horizonte-MG Universidade Federal de Minas Gerais - Escola de Veterinaria 1983
_o2024-2261
_tArquivo Brasileiro de Medicina Veterinária e Zootecnia (Brazil)
_x0102-0935
_gv. 67(5) p. 1429-1437; (2015)
_wBR2024004014
856 _uhttps://www.scielo.br/j/abmvz/a/hjHHYshp9SdrP6Qxx4V5MyB/?format=pdf&lang=pt
942 _cANA
999 _c329347
_d329347